Foreign Countries With the Most Danes - Statistics

General Stats
  • This quiz has been taken 84 times
  • The average score is 15 of 18
Answer Stats
#Danes Country # % Correct
200,035 Canada 2
100%
1,430,897 United States 1
100%
50,000 Germany 6
99%
42,602 Sweden 7
97%
50,413 Australia 5
96%
52,510 Norway 4
95%
8,944 Spain 10
93%
18,493 United Kingdom 8
93%
7,000 France 11
92%
3,507 New Zealand 13
86%
2,802 Iceland 14
82%
809 Ireland 16
80%
4,251 Switzerland 12
78%
1,281 Austria 15
76%
140,000 Brazil 3
76%
500 Japan 17
72%
13,000 Argentina 9
70%
400 Lebanon 18
4%
No matching quizzes found
Score Distribution
Percent of People with Each Score
Percentile by Number Answered
Your Score History
You have not taken this quiz